Vysporiadanie daňovej povinnosti z príjmov zo závislej činnosti po skončení zdaňovacieho obdobia – daňové priznanie alebo ročné zúčtovanie
Príjmy zo závislej činnosti sú počas zdaňovacieho obdobia (kalendárneho roka) zdaňované preddavkom na daň. Z ročného hľadiska sú preto považované za daňovo nevysporiadané. Možnosť výberu z dvoch možných spôsobov vysporiadania. Povinnosť zamestnávateľa vykonať ročné zúčtovanie do konca marca po skonč...
Na minha lista:
| Autor principal: | |
|---|---|
| Formato: | Capítulo de Livro |
| Idioma: | eslovaco |
| Assuntos: | |
| Tags: |
Sem tags, seja o primeiro a adicionar uma tag!
|
MARC
| LEADER | 00000nla a2200000 4500 | ||
|---|---|---|---|
| 001 | 0163403 | ||
| 005 | 20240502072835.4 | ||
| 041 | 0 | |a slo | |
| 044 | |a SK | ||
| 245 | 1 | 0 | |a Vysporiadanie daňovej povinnosti z príjmov zo závislej činnosti po skončení zdaňovacieho obdobia – daňové priznanie alebo ročné zúčtovanie |c Marcela Rabatinová |
| 520 | |a Príjmy zo závislej činnosti sú počas zdaňovacieho obdobia (kalendárneho roka) zdaňované preddavkom na daň. Z ročného hľadiska sú preto považované za daňovo nevysporiadané. Možnosť výberu z dvoch možných spôsobov vysporiadania. Povinnosť zamestnávateľa vykonať ročné zúčtovanie do konca marca po skončení zdaňovacieho obdobia. Príklady z praxe. | ||
| 610 | 2 | 0 | |a dane z príjmov |
| 610 | 2 | 0 | |a príjmy |
| 610 | 2 | 0 | |a priznania daňové |
| 610 | 2 | 0 | |a zúčtovanie |
| 610 | 2 | 0 | |a zamestnanci |
| 610 | 2 | 0 | |a zamestnávatelia |
| 100 | 1 | |a Rabatinová, Marcela, 1977- | |